000 00715nam a2200253Ia 4500
003 OSt
005 20221006161010.0
006 a|||||r|||| 00| 0
007 ta
008 221006b |||||||| |||| 00| 0 eng d
020 _a9780691159584
_cRs. 2335.00
024 _a47,074
037 _cTextual
040 _aEASL
_cEASL
_beng
041 _2eng
_aeng
082 _aX65.730r1.P, Q2
100 _aGARON Sheldon
_9643116
245 0 _aBeyond our means
_b Why America spends while the world saves
260 _aPrinceton
_bPrinceton University Press
_c2012
300 _a475p.
_ccm.
490 _v Oth
942 _hX65.730r1.P, Q2
_cTEXL
_2CC
999 _c1115163
_d1115163